Objective biology for NEET / (Record no. 153381)

MARC details
000 -LEADER
fixed length control field 00891nam a22002417a 4500
005 - DATE AND TIME OF LATEST TRANSACTION
control field 20181218161539.0
010 ## - LCCN (DPL NO)
LC control number ENG-123376-77
020 ## - INTERNATIONAL STANDARD BOOK NUMBER
Terms of availability 499.00
International Standard Book Number 9789352830022 (vol. 1)
020 ## - INTERNATIONAL STANDARD BOOK NUMBER
Terms of availability 375.00
International Standard Book Number 9789352830039 (vol. 2)
035 ## - SYSTEM CONTROL NUMBER
System control number EN-106908-09
037 ## - SOURCE OF ACQUISITION
Source of stock number/acquisition DBAD/PUB
082 ## - DEWEY DECIMAL CLASSIFICATION NUMBER
Classification number 570
100 ## - MAIN ENTRY--PERSONAL NAME
Personal name Dixit, Amit Kumar
245 00 - TITLE STATEMENT
Title Objective biology for NEET /
Statement of responsibility, etc by Amit Kumar Dixit
260 ## - PUBLICATION, DISTRIBUTION, ETC. (IMPRINT)
Place of publication, distribution, etc New Delhi
Name of publisher, distributor, etc S. Chand and Company
Date of publication, distribution, etc 2017
270 ## - ADDRESS
Address 7361, Ram Nagar,
City New Delhi
Postal code 110055
300 ## - PHYSICAL DESCRIPTION
Extent 2 vols. (various paging)
Dimensions 27cm(pbk)
Other physical details ill.
500 ## - GENERAL NOTE
General note It includes Vol. 1 & 2, NEET 2017 Question and Answers <br/>
500 ## - GENERAL NOTE
General note दि्वभाषी (अंग्रेजी एवं हिन्दी में)
505 ## - FORMATTED CONTENTS NOTE
Formatted contents note vol. 1 - Diversity in the living world<br/>vol. 2 - Reproduction
942 ## - ADDED ENTRY ELEMENTS (KOHA)
Source of classification or shelving scheme Dewey Decimal Classification
Item type English Books
Call number suffix DIX
Classification part 570
Holdings
Withdrawn status Lost status Materials specified (bound volume or other part) Not for loan Collection code Home library Current library Date acquired Source of acquisition Cost, normal purchase price Full call number Barcode Copy number Cost, replacement price Koha item type
    vol.1   Non-fiction Shahdara Branch Shahdara Branch 04/07/2018 DBAD/PUB 499.00 570 DIX EN-106908 1 499.00 English Books
    vol.2   Non-fiction Shahdara Branch Shahdara Branch 04/07/2018 DBAD/PUB 375.00 570 DIX EN-106909 1 375.00 English Books

© Delhi Public Library
Hit Counter
free hit counter